| 000 | 00552nam a2200193Ia 4500 | ||
|---|---|---|---|
| 008 | 260312s9999 xx 000 0 und d | ||
| 020 | _a8425908973 | ||
| 082 | _a 342.43 S358dc 1991 HNA | ||
| 100 |
_aSchneider, Hans Peter _935126 |
||
| 245 | 0 | _aDemocracia y constitución. | |
| 260 | _aCentro de Estudios Constitucionales | ||
| 260 | _bMadrid, España | ||
| 260 | _c1991 | ||
| 300 | _a299p. | ||
| 500 | _aColección Humberto Nogueira Alcalá | ||
| 650 |
_aAlemania _92071 |
||
| 650 |
_aDerecho constitucional _91698 |
||
| 942 |
_2ddc _cLIBRO |
||
| 999 |
_c19953 _d19953 |
||